000 00476nam a2200157 4500
001 144006
003 ES-MaACL
005 20230906200926.0
007 t|
008 070214s1968 sp r ||||1| spa d
100 1 _aSimón Cabarga, José.
_9106542
245 1 0 _aSantander en la Guerra de la Independencia /
_cJosé Simón Cabarga.
260 _aSantander :
_bSimón Cabarga,
_c1968 (
_fJean)
300 _a318 p., 22 lám. ;
_c21 cm.
852 _aES-MaACL
_jC-35954
_bR.68516
999 _c144006
_d144006